Viajes por el mundo de un periodista (Record no. 116133)

MARC details
000 -LEADER
campo de control de longitud fija 00452nam a2200145 4500
001 - NÚMERO DE CONTROL
campo de control 116133
003 - IDENTIFICADOR DE NÚMERO DE CONTROL
campo de control ES-MaACL
007 - CAMPO FIJO DE DESCRIPCIÓN FÍSICA--INFORMACIÓN GENERAL
campo de control de longitud fija t|
008 - DATOS DE LONGITUD FIJA--INFORMACIÓN GENERAL
campo de control de longitud fija 061121s1967 sp r ||||1| spa d
100 1# - ENTRADA PRINCIPAL--NOMBRE DE PERSONA
Nombre de persona Patiño Ponte, Ramón.
9 (RLIN) 89578
245 10 - MENCIÓN DEL TÍTULO
Título Viajes por el mundo de un periodista
Resto del título : (recuerdos de viaje) /
Mención de responsabilidad, etc. Ramón Patiño Ponte.
260 ## - PUBLICACIÓN, DISTRIBUCIÓN, ETC.
Lugar de publicación, distribución, etc. La Coruña :
Nombre del editor, distribuidor, etc. [s. n.],
Fecha de publicación, distribución, etc. 1967 (
Fabricante Imp. Roel)
300 ## - DESCRIPCIÓN FÍSICA
Extensión 395 p. ;
Dimensiones 21 cm.
852 ## - LOCALIZACIÓN
Ubicación ES-MaACL
Número de control de estantería G-7350
Sublocalización o colección R.65121
Holdings
Estatus retirado Estado de pérdida Estado de daño No para préstamo Biblioteca de origen Biblioteca actual Ubicación en estantería Fecha de adquisición Fuente de adquisición Total de préstamos Signatura topográfica completa Código de barras Visto por última vez Precio de reemplazo Tipo de ítem Koha
        Biblioteca del Ateneo de Madrid Biblioteca del Ateneo de Madrid Depósito 2 17/01/2008     G-7350 1121104 23/02/2023 23/02/2023 Libro impreso